000 00662nam a2200229Ia 4500
005 20250508164725.0
008 008 250505s9999 xx 000 0 eng d
020 _a0-7619-5943-2
037 _aTextual
040 _aFEDL
_beng
_cFEDL
041 _aeng
_2eng
084 _a372.35, VIC
_qFEDL
100 _aVictor Edward
_9771016
245 0 _aScience for the elementary and middle school
250 _a8
260 _aUpper Saddle River, USA
_bMerrill, an Imprint of Prentice Hall
_c1997
300 _axiv,717p.
546 _aMACESE
700 _a Kellough Richard D
_9778986
942 _cTEXL
_h372.35, VIC
999 _c1390766
_d1390766